000
00298nam a2200133 a 4500
001
5526
003
CDMR
005
20130116135309.0
008
130130s1987||||||||||||||||||||||||||||d
040
_a
CDMR
_b
cat
_c
CPC GIRONA
245
0
_a
Retórica general
_c
Varis
260
_c
1987
_b
Paidós
942
_c
MON
999
_c
5526
_d
5526